000 00599cam a22001932 4500
001 0000007427
005 20151217160113.0
008 080205s xx 000 0 eng d
020 _a0752866257 :
_cKES 690
040 _aKABU
_cKABU
100 1 _aGoscinny,
_d1926-1977.
_@0000001694
245 1 0 _aAsterix and chieftain's shield /
_cwritten by Rene Goscinny and illus. by Albert Uderzo.
260 _aLondon :
_bOrion,
_c2004.
300 _a48 p.
700 1 _aUderzo, Albert.
_@0000158662
908 _a080205
950 _@1
999 _c14288
_d14288